[Event "Hull 4NCL op-C"]
[White "Smith, Sean"]
[Black "Garner, Luke"]
[Site "Hull"]
[Round "2"]
[Result "0-1"]
[Date "2023.09.09"]
[WhiteElo "1528"]
[BlackElo "1387"]
[PlyCount "44"]
[EventDate "2023.09.08"]
[EventType "swiss"]
[EventRounds "5"]
[EventCountry "ENG"]
[SourceTitle "CBM 216 Extra"]
[Source "ChessBase"]
[SourceDate "2023.11.30"]
[SourceVersion "1"]
[SourceVersionDate "2023.11.30"]
[SourceQuality "1"]

1. d4 d5 2. c4 Nf6 3. Nc3 Nc6 4. Bg5 e6 5. e3 Bb4 6. cxd5 exd5 7. Bd3 Qd6 8. Qc2 Bd7 9. h3 0-0-0 10. a3 Bxc3+ 11. Qxc3 Rde8 12. Bf4 Qxf4 13. Ne2 Qd6 14. Rc1 Ne4 15. Bxe4 dxe4 16. Kd2 Ne5 17. Qa5 Kb8 18. Rc2 Nd3 19. Nc1 Qb6 20. Qxb6 axb6 21. Nxd3 exd3 22. Kxd3 Bf5+ 0-1